Регионална библиотека "Любен Каравелов" - Русе

Народна република Монголия (Запис номер 430525)

MARC детайли
000 -Лидер
Контролно поле с фиксирана дължина 01425nam a2200349 c 4500
003 - Код на организацията, давaща контролен номер
Контролно поле BLK
005 - Дата и час на последна редакция
Контролно поле 20210831145111.0
008 - Елементи от данни с фиксирана дължина
fixed length control field 200311b bul|||||r ||||||| ||bul||
010 ## - Наследен системен номер
LC control number KNG00042538RET
040 ## - Източник на каталожния запис
Идентификатор на билиотеката - собственик на записа BLK
041 ## - Код за език
Код за езика на текст/звукозапис или на отделно заглавие Български
Код за езика КДБФ Български
080 ## - УДК
Текстов определител УДК География на Монголия. Монголска народна република
УДК код - определител по УДК 913(517.9)
УДК - код + определител 913(517.9)
100 1# - Редна дума - Автор
Автор Николов, Фидан
Авторска отговорност първи автор
R(LIN) 421130
139 ## - Редно поле
Редна дума Николов, Фидан
245 10 - Сведения за заглавието
Заглавие Народна република Монголия
Редно поле (дума) Фидан Николов; Николай Мичев.
257 ## - Страна на издаване
Страна на създаване/издаване България
260 ## - Област на издателските данни
Място на издаване, разпространение и проч. София
Име на издателя, разпространителя и проч. Наука и изкуство
Година на издаване 1954
300 ## - Физическа характеристика
Страници 136 с.
Илюстрации и др. с ил., 1 л. к.
Размери/Мащаб 18 см
380 ## - Жанр
Жанр География
490 ## - СЕРИИ (Колекции)
Име на серия Библиотека Научно-популярно географско четиво при Българското географско дружество
9 (RLIN) 463501
500 ## - Общи забележки
Забележка 2 070 тир. Библиогр. с. 133. 2,50 лв.
650 #4 - Допълнително описание по предмет – тема
Основно описание – тема или топоним Монголска народна република
9 (RLIN) 162661
653 #7 - Ключова дума – ненормативна
Ключова дума география
9 (RLIN) 183938
700 1# - Други автори (авторска отговорност)
Лично име Мичев, Николай
Автороска отговорност (Описва отношението между автора и произведението) съавт.
9 (RLIN) 98197
852 ## - Местоположение
Форматна сигнатура Цб 9.165.41034
852 ## - Местоположение
Форматна сигнатура Цб 9.175.42200
Фондова буква Основен фонд - ползва се само за читалня
999 ## - СИСТЕМНИ КОНТРОЛНИ НОМЕРА
Koha biblionumber 430525
Koha biblioitemnumber 430525
942 ## - АРТИКУЛИ
Вид на библиотечния материал Книги
Скрит в OPAC Не
Източник на класификационната схема Universal Decimal Classification
Периодичен библиозапис Да
944 ## - СЪЗДАВАНЕ И РЕДАКЦИЯ на ЗАПИСА
Създаване/Редакция Създаване
Дата на регистрацията/редакция 2021-08-30
Служител, извършил регистрацията/редакцията В. Т.
944 ## - СЪЗДАВАНЕ И РЕДАКЦИЯ на ЗАПИСА
Създаване/Редакция Създаване
Дата на регистрацията/редакция 2021-08-31
Служител, извършил регистрацията/редакцията ВП
999 ## - СИСТЕМНИ КОНТРОЛНИ НОМЕРА
Koha biblioitemnumber 430525
999 ## - СИСТЕМНИ КОНТРОЛНИ НОМЕРА
Koha biblioitemnumber 430525
Наличности
Код за отписване Код за изгубен артикул Източник на класификационната схема Код за повреда Коз за рестрикции Код за отдаване Артикулен № Име на библиотеката - собственик Име на библиотеката, в която се намира в момента Статус (Текущо местоположение) Дата на вписване в системата Местоположение - отдел Цена в лева Инвентарен номер Систематично азбучна сигнатура Баркод Цена в евро Служебен тип на артикула
  Не е изгубен Universal Decimal Classification Не е повреден само за читалня ползва се в читалня 851120 Регионална библиотека "Любен Каравелов" Русе Регионална библиотека "Любен Каравелов" Русе Хранилище 2021-09-01 Основен фонд - ползва се само за читалня 0.25 2264/54-пф Цб 9.175.42200 900000077068 0.13 Книги
  Не е изгубен Universal Decimal Classification Не е повреден само за читалня ползва се в читалня 851548 Регионална библиотека "Любен Каравелов" Русе Регионална библиотека "Любен Каравелов" Русе Хранилище 2021-09-10 Основен фонд - ползва се само за читалня 0.25 2921/54 Цб 9.165.41034 900000076786 0.13 Книги
Vip Innovations Ltd, Rousse, Bulgaria 2025